000 01421namaa2200337 i 4500
003 EG-GICUC
005 20260224120727.0
008 260224s1998 ua |||jr|||| 000 0 ara d
017 _a97 / 8756
_bدار الكتب والوثائق القومية (مصر)
020 _a9775810515
040 _aEG-GiCUC
_bara
_cEG-GiCUC
_dEG-GiCUC
_erda
082 0 4 _221
_a189.1
_bI653aql
092 0 4 _221
_a189.1
_bI653aql
099 _a189.1 I653aql
100 1 _aالعراقى، محمد عاطف
_eمؤلف.
245 _aالعقل والتنوير فى الفكر العربى المعاصر :
_bقضايا ومذاهب وشخصيات /
_cتأليف عاطف العراقى.
264 _aالقاهرة (مصر) :
_bدار قباء للطباعة والنشر والتوزيع،
_c1998.
300 _a534 صفحة ؛
_c24 سم
_bإيضاحيات، صور، مثيليات ؛ Illustrations
336 _2rdacontent
_atext
337 _2rdamedia
_aUnmediated
338 _2rdacarrier
_avolume
504 _aيشتمل على ارجاعات ببليوجرافية.
541 _aد. جابر عصفور ؛
_bالقاهرة ؛
_cإهداء ؛
_d2024.
650 1 7 _aالفكر العربي
_2qrmak
650 1 7 _aالفلسفة الاسلامية
_2qrmak
650 1 7 _aالثقافة العربية
_2qrmak
650 1 7 _aالفلسفة العربية
_2qrmak
651 1 _2qrmak
905 _aAya
942 _2ddc
_cBK
_e21
_n0
999 _c178702
_d178702